West Coast Main Line stations - Statistics

General Stats
  • This quiz has been taken 100 times
  • The average score is 58 of 117
Answer Stats
Answer % Correct
London Euston
97%
Birmingham New Street
92%
Crewe
92%
Milton Keynes Central
89%
Watford Junction
87%
Coventry
83%
Glasgow Central
83%
Northampton
83%
Stafford
83%
Preston
82%
Birmingham International
80%
Liverpool Lime Street
80%
Rugby
79%
Manchester Piccadilly
76%
Wolverhampton
76%
Carlisle
75%
Stoke-on-Trent
75%
Lancaster
73%
Stockport
70%
Warrington Bank Quay
70%
Tring
69%
Wembley Central
69%
Macclesfield
68%
Nuneaton
68%
Oxenholme Lake District
68%
Tamworth
68%
Leighton Buzzard
66%
Lockerbie
66%
Wigan North Western
66%
Harrow & Wealdstone
65%
Lichfield Trent Valley
65%
Stone
65%
Motherwell
63%
Runcorn
63%
Sandwell & Dudley
63%
Bletchley
62%
Penrith North Lakes
62%
Bushey
61%
Hemel Hempstead
58%
Liverpool South Parkway
58%
Rugeley Trent Valley
58%
Long Buckby
56%
Berkhamsted
55%
Edinburgh Waverley
55%
Willesden Junction
55%
Wolverton
55%
Cheddington
54%
Queen's Park
54%
Smethwick Galton Bridge
54%
Dudley Port
52%
Kings Langley
52%
Stonebridge Park
52%
Apsley
51%
Kenton
51%
South Kenton
51%
Watford High Street
51%
Wishaw
51%
Atherstone
49%
Carstairs
49%
Canley
48%
Marston Green
48%
Polesworth
48%
Tile Hill
48%
Harlesden
46%
North Wembley
46%
Penkridge
46%
Carpenders Park
45%
Hatch End
45%
Acton Bridge
44%
Kensal Green
44%
Kilburn High Road
44%
Tipton
44%
Wilmslow
44%
Berkswell
42%
Hartford
42%
Haymarket
42%
Leyland
42%
Smethwick Rolfe Street
42%
South Hampstead
42%
Stechford
42%
Winsford
42%
Alsager
41%
Congleton
41%
Coseley
39%
Hampton-in-Arden
39%
Headstone Lane
39%
Lea Hall
39%
Edge Hill
38%
Euxton Balshaw Lane
37%
Adderley Park
34%
Kidsgrove
34%
Cambuslang
32%
Longport
31%
Alderley Edge
30%
Levenshulme
30%
Heaton Chapel
27%
Cheadle Hulme
25%
Holmes Chapel
25%
Carluke
24%
Sandbach
24%
Shieldmuir
24%
Uddingston
24%
Mossley Hill
23%
West Allerton
23%
Handforth
20%
Chelford
18%
Goostrey
18%
Poynton
18%
Prestbury
17%
Wester Hailes
17%
Adlington
14%
Bellshill
14%
Bramhall
14%
Curriehill
14%
Slateford
14%
Kirknewton
13%
Kingsknowe
11%
No matching quizzes found
Score Distribution
Percent of People with Each Score
Percentile by Number Answered
Your Score History
You have not taken this quiz